[Event "Ragusa Province-ch"]
[Site "Modica"]
[Date "2010.01.30"]
[Round "2"]
[White "Battaglia, Giuseppe"]
[Black "La Rosa, Maurizio"]
[Result "1-0"]
[WhiteElo "1566"]
[BlackElo "1437"]
[PlyCount "87"]
[EventDate "2010.01.30"]
[EventType "swiss"]
[EventRounds "8"]
[EventCountry "ITA"]
[SourceTitle "EXT 2024"]
[Source "ChessBase"]
[SourceDate "2023.10.10"]
[SourceVersion "1"]
[SourceVersionDate "2023.10.10"]
[SourceQuality "1"]

1. d4 d5 2. Nf3 f6 3. e3 Nc6 4. c4 e5 5. dxe5 fxe5 6. cxd5 Nb4 7. Nxe5 Qxd5 8. Qxd5 Nxd5 9. Bc4 Ngf6 10. Nc3 Be6 11. Bb5+ Nd7 12. Bxd7+ Bxd7 13. Nxd5 Bd6 14. Nxd7 Kxd7 15. Bd2 Rhf8 16. f3 Rf7 17. 0-0-0 Raf8 18. Bb4 c5 19. Bc3 Kc6 20. e4 b6 21. e5 Be7 22. Nxe7+ Rxe7 23. Rd6+ Kb5 24. Rhd1 Rff7 25. h4 h5 26. Rf1 Rf4 27. g3 Ra4 28. Kb1 Ka6 29. b3 Ra5 30. Bxa5 Kxa5 31. f4 Ka6 32. Rfd1 Re8 33. e6 Re7 34. f5 Ka5 35. Rd7 Re8 36. Rd8 Re7 37. R1d7 Rxd7 38. Rxd7 a6 39. e7 b5 40. e8Q Kb4 41. a3+ Kxb3 42. Qe4 b4 43. Qc2+ Kxa3 44. Qa2# 1-0